000 00585nam a22001817a 4500
003 UA-OsUOA
001 16246
007 ta
008 20031224b un ||||| |||| 00| 0 ukr d
100 _aБондаренко Л.С.
942 _cSA
040 _aUA-OsUOA
_cUA-OsUOA
_dUA-OsUOA
245 _aФілолог із морем у душі
_b[Розмова з доц. каф. укр. літ. РДГУ Л.С. Бондаренко]
300 _aС.7
955 _a0
773 0 _w0
_tНова Волинь
_dРівне
_d2003
_g№41/2 жовт./
650 7 _aБондаренко Л.С.
_2UDC
999 _c302411
_d302411